| 000 | 01265nam a2200241Ia 4500 | ||
|---|---|---|---|
| 999 |
_c52685 _d52685 |
||
| 001 | 19709 | ||
| 003 | GE_BSU | ||
| 005 | 20200406172713.0 | ||
| 008 | 181216s1985||||ge |||||||||||||| ||geo|| | ||
| 040 | _cGE_BSU | ||
| 041 | _ageo | ||
| 080 | _a091(=353.1) მ-90 | ||
| 245 |
_aმრავალთავი ფილოლოგიურ-ისტორიული ძიებანი XI = Мравалтави / _cსარედ. კოლ. : ც. აბულაძე, მ. მამაცაშვილი ; მთავ. რედ. ე. მეტრეველი. ტომის რედ. ნ. ჯანაში |
||
| 264 |
_aთბილისი : _bმეცნიერება, _c1985. |
||
| 300 |
_a170 გვ. ; _c26 სმ. |
||
| 541 | _h3ლ.60თ. | ||
| 653 | _aმრავალთავი ფილოლოგიურ-ისტორიული ძიებანი | ||
| 653 | _aქართული ენა | ||
| 653 | _aქართული ენის ისტორია | ||
| 700 |
_aმეტრეველი, ე. _eმთავარი რედაქტორი _91788 |
||
| 700 |
_aჯანაშია, ნ. _eტომის რედაქტორი _91523 |
||
| 942 |
_cBK _2udc |
||